Kian and the secret of track one (Record no. 166626)

MARC details
000 -LEADER
fixed length control field 00376nam a2200145Ia 4500
005 - DATE AND TIME OF LATEST TRANSACTION
control field 20240821160456.0
008 - FIXED-LENGTH DATA ELEMENTS--GENERAL INFORMATION
fixed length control field 240821s9999||||xx |||||||||||||| ||und||
082 ## - DEWEY DECIMAL CLASSIFICATION NUMBER
Classification number 823 PUR
100 ## - MAIN ENTRY--PERSONAL NAME
Personal name Puri, Kriti
245 #0 - TITLE STATEMENT
Title Kian and the secret of track one
260 ## - PUBLICATION, DISTRIBUTION, ETC.
Place of publication, distribution, etc. New Delhi
Name of publisher, distributor, etc. Madhubun Educational Books
Date of publication, distribution, etc. 2003
300 ## - PHYSICAL DESCRIPTION
Extent 216p.
650 ## - SUBJECT ADDED ENTRY--TOPICAL TERM
Topical term or geographic name entry element English literature
942 ## - ADDED ENTRY ELEMENTS (KOHA)
Koha item type Book
Holdings
Withdrawn status Lost status Damaged status Not for loan Home library Current library Date acquired Total checkouts Barcode Date last seen Price effective from Koha item type
        Library and Documentation Division NCERT Library and Documentation Division NCERT 08/21/2024   F25454 08/21/2024 08/21/2024 Book